| 000 | 01129nam1a22002531 4500 | ||
|---|---|---|---|
| 001 | rc\2966727 | ||
| 005 | 20110905220036.0 | ||
| 035 | _a(NLR Aleph) 007113131 | ||
| 090 |
_a6788440 _c6788440 |
||
| 100 | _a20110905d1934 |||y0rusy50 ca | ||
| 101 | 0 | _arus | |
| 102 | _aRU | ||
| 105 | _ay z ||||| | ||
| 200 | 1 |
_aАнализ отчета и контроль выполнения плана _e(Метод. указания к курсу) _fСост. проф. Татур, С.К. |
|
| 210 |
_aМосква _cБ. и. _d1934 _gстеклогр. № 6 УМП Бауман. райсов. |
||
| 215 | _d29х21 см | ||
| 225 | 1 |
_aДля групп вузов и педагогического института _fВсесоюз. комбинат кооп. заоч. обучения (ВСЕККЗО) |
|
| 702 | 1 |
_aТатур _bС. К. _gСергей Козьмич _4220 |
|
| 710 | 0 | 2 | _aВсесоюзный учебно-курсовой комбинат заочного обучения Наркомторга СССР |
| 801 | 0 |
_aRU _bNLR _gpsbo |
|
| 801 | 1 |
_aRU _bELAR _2rusmarc |
|
| 852 |
_aNLR _j34-20/62(2) |
||
| 942 | _cBOOK | ||
| 980 | _aNB | ||